व्यावहारिक सूचीकरण विधि / (Record no. 121451)

MARC details
000 -LEADER
fixed length control field 01214nam a22002657a 4500
005 - DATE AND TIME OF LATEST TRANSACTION
control field 20170124103215.0
010 ## - LIBRARY OF CONGRESS CONTROL NUMBER
LC control number A-227071
020 ## - INTERNATIONAL STANDARD BOOK NUMBER
Terms of availability 00.00
035 ## - SYSTEM CONTROL NUMBER
System control number A-227071
037 ## - SOURCE OF ACQUISITION
Source of stock number/acquisition Cen Lib/Ret
040 ## - CATALOGING SOURCE
Original cataloging agency DPL
Language of cataloging HN
082 ## - DEWEY DECIMAL CLASSIFICATION NUMBER
Classification number 025.3
Item number लालर
100 ## - MAIN ENTRY--PERSONAL NAME
Personal name लाल, रज्जन
9 (RLIN) 98052
245 ## - TITLE STATEMENT
Title व्यावहारिक सूचीकरण विधि /
Statement of responsibility, etc रज्जन लाल [और] नासिरा किदवई
246 ## - VARYING FORM OF TITLE
Title proper/short title Vyavharik soochikaran vidhi /
Remainder of title by Rajjan Lal [aur] Nasira Kidwai
260 ## - PUBLICATION, DISTRIBUTION, ETC. (IMPRINT)
Place of publication, distribution, etc नयी दिल्ली
Name of publisher, distributor, etc उप्पल पब्लिशिंग हाउस
Date of publication, distribution, etc 1980
270 ## - ADDRESS
Address 3, अंसारी रोड, दरियागंज
City नयी दिल्ली
Postal code 110002
300 ## - PHYSICAL DESCRIPTION
Extent xvi,437पृ.
Dimensions 20सेमी(सजिल्द)
650 ## - SUBJECT ADDED ENTRY--TOPICAL TERM
Topical term or geographic name as entry element पुस्तकालय विज्ञान
9 (RLIN) 98053
650 ## - SUBJECT ADDED ENTRY--TOPICAL TERM
Topical term or geographic name as entry element पुस्तकालय -- सूचीकरण विधि
9 (RLIN) 44526
650 ## - SUBJECT ADDED ENTRY--TOPICAL TERM
Topical term or geographic name as entry element Library Science
9 (RLIN) 98054
650 ## - SUBJECT ADDED ENTRY--TOPICAL TERM
Topical term or geographic name as entry element Library - indexation method
9 (RLIN) 98055
700 ## - ADDED ENTRY--PERSONAL NAME
Personal name किदवई, नासिरा
9 (RLIN) 98056
942 ## - ADDED ENTRY ELEMENTS (KOHA)
Source of classification or shelving scheme Dewey Decimal Classification
Koha item type Hindi Books
Classification part 025.3
Call number suffix लालर
Holdings
Withdrawn status Lost status Damaged status Not for loan Home library Current library Date acquired Source of acquisition Cost, normal purchase price Total Checkouts Full call number Barcode Date last seen Date checked out Copy number Cost, replacement price Price effective from Koha item type Source of classification or shelving scheme
        Central Library Central Library 07/10/2015 Cen Lib/Ret 0.00 1 025.3 लालर A-227071 28/04/2017 13/04/2017 1 0.00 07/10/2015 Hindi Books  
        Central Library Central Library 27/10/2016 Cen Lib/Ret 0.00   025.3 लालर A-227072 27/10/2016   2 0.00 27/10/2016 Hindi Books Dewey Decimal Classification

© Delhi Public Library
Hit Counter
free hit counter